Music Quiz

Random Music or Song Quiz

Symbolic Albums Slideshow Quiz Stats

 Plays Quiz not verified by Sporcle

Score 0/10 Timer 03:00
0 Plays Today
% Correct
Lady Gaga - The Fame Mons†er (2009)
91.1%
Prince - Love Symbol Album (1993)
84.2%
Eminem - ∃NCORE (2004)
83.2%
will.i.am - #willpower (2013)
71.1%
Led Zeppelin - Led Zeppelin IV (1971)
70%
Christina Aguilera - •••{bi~ΟΠ~ic} (2010)
65.3%
David Bowie - ★ (2016)
51.1%
Ed Sheeran - + (2011)
51.1%
M.I.A. - ΛΛΛYΛ (2010)
42.6%
Justice - † (2007)
23.7%

You're not logged in!

Compare scores with friends on all Sporcle quizzes.
OR
Log In

Sporcle TV

Today on Sporcle TV


Watch our educational content, quiz creation guides, and fun videos on Sporcle TV.

Show Comments

Extras

Top Quizzes Today


Score Distribution

Your Account Isn't Verified!

In order to create a playlist on Sporcle, you need to verify the email address you used during registration. Go to your Sporcle Settings to finish the process.

Report this User

Report this user for behavior that violates our Community Guidelines.

Details: